Especialización y cooperación internacionales en la producción de los países miembros del CAME /

Gorde:
Xehetasun bibliografikoak
Egile korporatiboa: Consejo de Ayuda Mutua Económica, CAME
Formatua: Texto
Argitaratua: Moscú: CAME
Etiketak: Etiketa erantsi
Etiketarik gabe, Izan zaitez lehena erregistro honi etiketa jartzen!

MARC

LEADER 00000 a a2200000 04500
001 24240
003
040
090 |a 171800  
110 |a Consejo de Ayuda Mutua Económica  
245 |a Especialización y cooperación internacionales en la producción de los países miembros del CAME /  |c Consejo de Ayuda Mutua Económica  
260 |a Moscú:   |b CAME  
300 |a 43 p.   |b il.  
710 |a CAME  
999 |c 447  |d 447